Statistics for Top 10 biggest counties in USA by area

Click here to take the quiz!

General Stats

  • This quiz has been taken 18 times
  • The average score is 4 of 10

Answer Stats

StateAnswer% Correct
CaliforniaSan Bernardino
88%
NevadaNye
47%
NevadaLincoln
47%
CaliforniaInyo
47%
NevadaElko
41%
ArizonaCoconino
35%
ArizonaApache
35%
ArizonaMohave
29%
WyomingSweetwater
29%
OregonHarney
24%

Score Distribution

Percentile by Number Answered

Percent of People with Each Score

Your Score History

You have not taken this quiz